000 00622nam a2200229 i 4500
001 C2-0231993
003 PPAK
005 20180728085152.0
008 001210s1964 enk |||| ||||| | eng d
040 _aPPAK
_beng
_cPPAK
_erda
082 0 4 _a658.4
_223
090 0 0 _a658.4
_bDRU
_dKSI
100 1 _aDrucker, Peter F.,
_eauthor
245 1 0 _aManaging for the results
264 1 _aLondon :
_bPan Books ,
_c1964
300 _a270 pages ;
_c17 cm
336 _2rdacontent
_atext
337 _2rdamedia
_aunmediated
338 _2rdacarrier
_avolume
650 1 0 _aManagement ; Negotiation in bussiness
942 _ddc
_cB
999 _c151299
_d151299